Journal of dynamic systems, measurement, and control

Αποθηκεύτηκε σε:
Λεπτομέρειες βιβλιογραφικής εγγραφής
Συγγραφή απο Οργανισμό/Αρχή: American Society of Mechanical Engineers
Μορφή: Περιοδική έκδοση
Γλώσσα:English
Δημοσίευση: New York : American Society of Mechanical Engineers, c1971-
Σειρά:Transactions of the ASME (1959)
Θέματα:
Ετικέτες: Προσθήκη ετικέτας
Δεν υπάρχουν, Καταχωρήστε ετικέτα πρώτοι!

MARC

LEADER 00000nas a2200000 i 4500
001 1/48096
008 040209c19719999us eng
022 |a 00220434  
035 |l 10072191  
040 |a GR-MY-UA  |b gre   |e aacr  
041 0 |a eng 
082 0 |a 629.805  
110 2 |a American Society of Mechanical Engineers. 
245 1 0 |a Journal of dynamic systems, measurement, and control   |h [περιοδικό] /   |c American Society of Mechanical Engineers.  
260 |a New York :   |b American Society of Mechanical Engineers,   |c c1971-  
300 |a τ. :   |b εικ. ;   |c 28 εκ.  
310 |a Τριμηνιαίο  
490 1 |a Transactions of the ASME (1959)  
650 0 0 |a Automatic control  |x Periodicals. 
650 0 0 |a Mensuration  |x Periodicals. 
650 0 0 |a Dynamics  |x Periodicals. 
830 0 |a Transactions of the ASME (1959) 
853 |a INST  |b CHIOS  |c SER  |h 629.805 
901 |a BIBL2-2004-1  
920 |a ΤΜΗΜΑ ΜΗΧΑΝΙΚΩΝ ΟΙΚΟΝΟΜΙΑΣ ΚΑΙ ΔΙΟΙΚΗΣΗΣ   |y ΧΙΟΣ  |z 2001-03 
970 |a ΣΠΕΝΤΖΑ  |b ΕΛΕΝΗ  |z 2004/02/09